000 00347nam a2200133Ia 4500
008 230312s9999||||xx |||||||||||||| ||und||
082 _a005.43
_bWIN
245 0 _aMicrosoft windows
260 _bMicrosft corporations
_aUSA
_c1991
300 _a650
546 _aEng.
650 _aComputer
_vWindows Basics,File manager,Program manager
942 _cBK
999 _c2945
_d2945